|
|
|
|
| LEADER |
00000nab a2200000 a 4500 |
| 001 |
vtls000651850 |
| 003 |
SK-MaSNL |
| 005 |
20260302200846.0 |
| 008 |
141112c1997 xo 0 cze |
| 015 |
|
|
|a SNBRA1998/02-02488
|
| 035 |
|
|
|a CLN000004044
|
| 040 |
|
|
|a SNKBUCL
|b slo
|c SNKBUCL
|e AACR2
|
| 041 |
0 |
|
|a cze
|
| 044 |
|
|
|a xo
|c SK
|
| 080 |
|
|
|a 616.8
|2 1997
|
| 100 |
1 |
|
|a Urbánek, K.
|4 aut
|9 839821
|
| 245 |
1 |
0 |
|a Todd E. Feinberg, Martha J. Farah (Ed.): Behavioral neurology and neuropsychology
|c K. Urbánek
|
| 650 |
0 |
7 |
|a neurológia behaviorálna
|x príručky
|x recenzie
|2 snkbucl
|9 920332
|
| 650 |
0 |
7 |
|a neuropsychológia
|2 snkbucl
|9 14464
|
| 655 |
|
7 |
|a články z novín a časopisov
|2 snkbucl
|2 snkbucl
|9 267496
|
| 773 |
0 |
|
|t Česká a slovenská neurologie a neurochirurgie
|g Roč. 60, č. 5 (1997), s. 273-274
|x 1210-7859
|
| 787 |
0 |
8 |
|i Rec.:
|a Feiberg, Todd E.
|t Behavioral neurology and neuropsychology
|d New York : McGraw-Hill Companies, 1997
|z 007020361X
|
| 850 |
|
|
|a Slovenská národná knižnica v Martine
|
| 852 |
|
|
|a SNK
|b KIS3GCP
|
| 999 |
|
|
|c 1458566
|d 1460496
|